Missing Word: Crazy, Stupid, Love Quiz Stats

 Plays Quiz Updated Nov 2, 2018

Score 0/24 Timer 05:00
0 Plays Today
Actor Missing Word % Correct
Steve CarellHorton
90.7%
Steve CarellSunshine
90.3%
Marisa TomeiCousin
86.9%
Marisa TomeiManagement
84.5%
Julianne MooreRocks
83.9%
Kevin BaconHouse
78.7%
Ryan GoslingRemember
77%
Steve CarellDespicable
70.1%
Kevin BaconApollo
69.2%
Steve CarellLegend
62.8%
Marisa TomeiDevil
61.4%
Kevin BaconMystic
61.3%
Actor Missing Word % Correct
Marisa TomeiLincoln
53.6%
Emma StoneSexes
50.9%
Julianne MooreChildren
50.7%
Ryan GoslingPines
46%
Emma StoneVirtue
34.2%
Julianne MooreStars
32.6%
Julianne MooreHeaven
31.5%
Kevin BaconThings
28.8%
Ryan GoslingNice
27.8%
Ryan GoslingValentine
25%
Emma StoneGangster
20.4%
Emma StoneMoonlight
11%

Today's Daily Dose

Missing Word
Celine Dion

Word Ladder
Dr. Seuss Books

Quick Pick
Cities in India

Get the Picture
'A' Actresses

You're not logged in!

Compare scores with friends on all Sporcle quizzes.
OR
Log In

Sporcle TV

Today on Sporcle TV


Watch our educational content, quiz creation guides, and fun videos on Sporcle TV.

Show Comments

Extras

Top Quizzes Today


Score Distribution

Your Account Isn't Verified!

In order to create a playlist on Sporcle, you need to verify the email address you used during registration. Go to your Sporcle Settings to finish the process.

Report this User

Report this user for behavior that violates our Community Guidelines.

Details: